[Event "Michigan Open Reserve"]
[Site "Lansing, MI"]
[Date "2002.11.??"]
[Round "2.22"]
[White "Jones, Avery"]
[Black "Johnson, Johnny"]
[Result "1-0"]
[WhiteElo "1671"]
[BlackElo "1506"]
[Annotator "Don Vandivier"]
[PlyCount "47"]
[EventDate "2002.08.30"]

{Queen's Pawn: Zukertort} 1. d4 d5 2. Nf3 c6 3. Nbd2 Nf6 4. e3 Bf5 5. c4 b6 $2
(5... e6 {should be played. It protects the d-pawn, makes way for developing
the king's bishop and doesn't weaken the queen-side pawns and white squares.})
6. cxd5 cxd5 7. Ne5 Qc7 8. Bd3 $6 ({White has a knight nicely posted on e5. He
should play} 8. Bb5+ Bd7 9. Nxd7 Nbxd7 10. Nf3 {with a big advantage.}) 8...
Bxd3 9. Nxd3 e6 10. O-O Bd6 11. f4 h5 $6 {This is risky play. Black doesn't
have his queen-side pieces developed yet and will lose a tempo to White when
White takes the c-file away from him with Rc1.} 12. Ne5 Ke7 13. Ndf3 Nbd7 14.
Bd2 Bxe5 15. fxe5 Ne4 16. Bb4+ $1 Ke8 17. Rc1 Qd8 {So where was Black's
attack? Now he has a fire-breathing bishop slicing thru his king's position.}
18. a4 g5 19. Nd2 f5 $2 {The Black position is already exposed. This makes it
worse.} 20. Nxe4 dxe4 21. Qb3 Kf7 $2 ({Bad, but Black was lost anyways.} 21...
Rh6 22. Rc6) 22. Rxf5+ Kg7 23. Qxe6 Rh6 24. Rf7+ 1-0

[Event "Genesee County CC Championship"]
[Site "Flint, MI"]
[Date "2002.11.06"]
[Round "3.8"]
[White "Whatling, David"]
[Black "Poniatowski, Don"]
[Result "0-1"]
[WhiteElo "1341"]
[BlackElo "1165"]
[PlyCount "98"]
[EventDate "2002.10.23"]

1. e4 c6 2. d4 d5 3. exd5 cxd5 4. c4 Nf6 5. Nc3 e6 6. Nf3 Bb4 7. Bd2 O-O 8. a3
Bxc3 9. Bxc3 Nc6 10. Be2 Bd7 11. O-O Re8 12. Ne5 Ne4 13. Nxc6 Bxc6 14. Qc2 Nxc3
15. bxc3 Qc7 16. Rfe1 e5 17. dxe5 Rxe5 18. Bd3 h6 19. Re2 Rxe2 20. Qxe2 Re8 21.
Qd2 dxc4 22. Bxc4 Bxg2 23. Bxf7+ Qxf7 24. Kxg2 Qe7 25. Kf1 Qe5 26. Kg1 Rc8 27.
Rc1 Qc5 28. Qb2 b6 29. Qb4 Qg5+ 30. Kf1 Qxc1+ 31. Ke2 Qxc3 32. Qe7 Qc2+ 33. Kf1
Qd1+ 34. Kg2 Qg4+ 35. Kf1 Rc1+ 36. Qe1 Rxe1+ 37. Kxe1 a6 38. Kd2 Qa4 39. Ke3
Qxa3+ 40. Ke4 b5 41. f3 b4 42. f4 b3 43. f5 b2 44. h4 b1=Q+ 45. Kf4 Qbb4+ 46.
Ke5 Qe3+ 47. Kd5 Qed4+ 48. Kc6 Qb8 49. f6 Qc8# 0-1

[Event "Genesee County CC Championship"]
[Site "Flint, MI"]
[Date "2002.11.06"]
[Round "3.5"]
[White "Vinton, Troy"]
[Black "Aldrich, Jeff"]
[Result "0-1"]
[WhiteElo "1103"]
[BlackElo "1921"]
[PlyCount "66"]
[EventDate "2002.10.23"]

1. e4 c6 2. d4 d5 3. Nd2 dxe4 4. Nxe4 Nd7 5. Nf3 Ngf6 6. Ng3 e6 7. Bf4 Be7 8.
Be2 Nd5 9. Bd2 Qc7 10. c4 Nf4 11. O-O O-O 12. Ne4 h6 13. Qc1 Nxe2+ 14. Kh1 Nxc1
15. Raxc1 f5 16. Ng3 Nf6 17. Rfe1 c5 18. Bc3 b6 19. Re3 Ng4 20. Re2 cxd4 21.
Bxd4 Bd6 22. h3 e5 23. hxg4 exd4 24. gxf5 Bxg3 25. fxg3 Qxg3 26. Nxd4 Qh4+ 27.
Kg1 Qxd4+ 28. Kh1 Bxf5 29. Rce1 Bd3 30. Rd2 Qh4+ 31. Kg1 Qxe1+ 32. Kh2 Qh4+ 33.
Kg1 Rf1# 0-1

[Event "Genesee County CC Championship"]
[Site "Flint, MI"]
[Date "2002.11.06"]
[Round "3.1"]
[White "Vandivier, Don"]
[Black "Duncan, Jack"]
[Result "1/2-1/2"]
[WhiteElo "1945"]
[BlackElo "2048"]
[PlyCount "125"]
[EventDate "2002.10.23"]

1. e4 Nf6 2. Bc4 e6 3. e5 Nd5 4. Bxd5 exd5 5. Qf3 c6 6. d4 d6 7. exd6 Bxd6 8.
Bf4 O-O 9. Bxd6 Qxd6 10. Ne2 Qg6 11. Kd2 Re8 12. Nbc3 Bf5 13. Nf4 Qf6 14. Rae1
Na6 15. Nd3 Qg5+ 16. Qf4 Qxf4+ 17. Nxf4 Nb4 18. a3 Rxe1 19. Rxe1 Nxc2 20. Re7
Nxd4 21. Rxb7 g5 22. Nh5 Ne6 23. Nf6+ Kg7 24. Nd7 Nd8 25. Rc7 Bxd7 26. Rxd7 Kf8
27. Rc7 Rb8 28. b4 Rb7 29. Rc8 Ke7 30. Na4 a5 31. Nc5 Ra7 32. Kc3 axb4+ 33.
Kxb4 Ne6 34. Rxc6 Nxc5 35. Rxc5 Kd6 36. Rb5 f6 37. a4 Rc7 38. a5 d4 39. Rb8 Rc2
40. Rd8+ Ke5 41. a6 Ra2 42. Kb5 Ke4 43. Kb6 Rb2+ 44. Kc6 Rc2+ 45. Kb6 Rxf2 46.
a7 Rb2+ 47. Kc5 Rc2+ 48. Kb4 Ra2 49. a8=Q+ Rxa8 50. Rxa8 Ke3 51. Ra2 f5 52. Kc4
f4 53. h3 h5 54. Ra3+ Ke4 55. Rd3 g4 56. Rxd4+ Ke3 57. Rd3+ Kf2 58. Kd4 Kxg2
59. hxg4 hxg4 60. Ke4 f3 61. Kf4 f2 62. Rd2 g3 63. Rd1 1/2-1/2

[Event "Genesee County CC Championship"]
[Site "Flint, MI"]
[Date "2002.11.06"]
[Round "3.7"]
[White "Thach, Scott"]
[Black "Aldrich, Justin"]
[Result "0-1"]
[WhiteElo "1204"]
[BlackElo "1631"]
[PlyCount "80"]
[EventDate "2002.10.23"]

1. e4 e5 2. Nf3 d6 3. Nc3 Bg4 4. Be2 Nf6 5. O-O Nc6 6. d3 h6 7. b3 Be7 8. Bb2
a6 9. a3 O-O 10. h3 Be6 11. Nh2 Nd4 12. Rc1 Nxe2+ 13. Nxe2 Nh7 14. f4 exf4 15.
Nxf4 Bg5 16. Nxe6 fxe6 17. Rb1 Be3+ 18. Kh1 e5 19. Ng4 Bf4 20. Qe2 Qh4 21. Qe1
Bg3 22. Qe2 Ng5 23. Kg1 h5 24. Ne3 Bf4 25. Nf5 Rxf5 26. exf5 Qg3 27. Rxf4 Nxh3+
28. Kh1 Nxf4 29. Qd2 Rf8 30. Rf1 Rxf5 31. Rf3 Qh4+ 32. Kg1 Rg5 33. g3 Rxg3+ 34.
Rxg3 Qxg3+ 35. Kf1 Qf3+ 36. Kg1 Ne2+ 37. Qxe2 Qxe2 38. Bc3 h4 39. d4 h3 40.
dxe5 Qg2# 0-1

[Event "Genesee County CC Championship"]
[Site "Flint, MI"]
[Date "2002.11.06"]
[Round "3.3"]
[White "Gregory, Kevin"]
[Black "Hazzard, Bill"]
[Result "0-1"]
[WhiteElo "1780"]
[BlackElo "1624"]
[PlyCount "96"]
[EventDate "2002.10.23"]

1. d4 f5 2. Bf4 Nf6 3. e3 e6 4. Nf3 Be7 5. Bd3 b6 6. Nbd2 Bb7 7. Qe2 O-O 8.
O-O-O a5 9. e4 fxe4 10. Bxe4 Nxe4 11. Bxc7 Qxc7 12. Nxe4 Qf4+ 13. Ned2 Na6 14.
Kb1 Rac8 15. c3 Qf5+ 16. Ka1 Nc7 17. Rhe1 Nd5 18. Qe4 Nxc3 19. Qxf5 Rxf5 20.
bxc3 Rxc3 21. Re3 Rxe3 22. fxe3 Rb5 23. g3 Bb4 24. Rc1 Kf8 25. Rc2 Ke7 26. Ne5
Bxd2 27. Rxd2 Be4 28. Rb2 Rxb2 29. Kxb2 b5 30. Ng4 d6 31. Nf2 Bg6 32. e4 Kd7
33. Kc3 Kc6 34. h4 d5 35. exd5+ Kxd5 36. a3 b4+ 37. axb4 axb4+ 38. Kxb4 Kxd4
39. g4 Ke3 40. Nh3 h6 41. h5 Bf7 42. g5 Bxh5 43. gxh6 gxh6 44. Ng1 e5 45. Kc3
e4 46. Kc2 Bg4 47. Kc3 Kf2 48. Kd4 e3 0-1

[Event "Genesee County CC Championship"]
[Site "Flint, MI"]
[Date "2002.11.06"]
[Round "3.4"]
[White "Fick II, Douglas"]
[Black "Yufa, Leonid"]
[Result "1-0"]
[WhiteElo "1289"]
[BlackElo "1646"]
[PlyCount "59"]
[EventDate "2002.10.23"]

1. e4 e5 2. Nf3 Nc6 3. Bc4 Nd4 4. Nxd4 exd4 5. c3 c5 6. d3 Be7 7. Qf3 d5 8.
Bxd5 Nf6 9. h3 O-O 10. Bc4 Be6 11. O-O Bxc4 12. dxc4 Bd6 13. Bg5 Be5 14. Rd1
Qb6 15. Qe2 Rfe8 16. Bxf6 Bxf6 17. cxd4 cxd4 18. Rd3 Qc6 19. Nd2 Be5 20. g3 f5
21. f4 fxe4 22. Qxe4 Qxe4 23. Nxe4 Bxf4 24. gxf4 Rxe4 25. Rad1 Rd8 26. Rf1 Re2
27. Rf2 Re4 28. Kg2 Re3 29. Rf3 Kf7 30. Rfxe3 1-0

[Event "Genesee County CC Championship"]
[Site "Flint, MI"]
[Date "2002.11.06"]
[Round "3.10"]
[White "Brownfield, Jason"]
[Black "Hershberger, Kent"]
[Result "0-1"]
[WhiteElo "1072"]
[BlackElo "1508"]
[PlyCount "136"]
[EventDate "2002.10.23"]

1. e4 e5 2. Nf3 Nf6 3. d3 d6 4. Be2 Be7 5. O-O O-O 6. Nc3 Bg4 7. h3 Bh5 8. d4
exd4 9. Nxd4 Bg6 10. Bf3 Nbd7 11. Nde2 Ne5 12. Nf4 Nxf3+ 13. Qxf3 Nd7 14. Nd3
Bf6 15. Re1 Bxc3 16. bxc3 Ne5 17. Nxe5 dxe5 18. Bb2 Qd2 19. Re2 Qg5 20. Qg3
Qxg3 21. fxg3 Rfd8 22. Kh2 Rd6 23. Ba3 Rc6 24. Bb2 Rd8 25. Rae1 f6 26. Re3 Rb6
27. Ba3 Ra6 28. Be7 Rd7 29. Bb4 Rxa2 30. Rd3 Rxd3 31. cxd3 a5 32. Be7 a4 33.
Rb1 Rd2 34. Rxb7 Rxd3 35. Rxc7 Bxe4 36. Bb4 Rd2 37. Rc8+ Kf7 38. Rc7+ Kg6 39.
Bf8 Rxg2+ 40. Kh1 Rxg3+ 41. Kh2 Rg2+ 42. Kh1 Kh6 43. Ra7 Rg3+ 44. Kh2 Rxc3 45.
Bxg7+ Kg6 46. Bf8 Rc2+ 47. Kg1 Ra2 48. Rg7+ Kh5 49. Be7 Bg6 50. Bxf6 e4 51. Re7
Ra3 52. Re5+ Kh6 53. Bg5+ Kg7 54. Re7+ Kf8 55. Kg2 Ra2+ 56. Kg3 Ra1 57. Bf6 Rf1
58. Bg5 Rg1+ 59. Kf4 Rxg5 60. Kxg5 Kxe7 61. Kf4 a3 62. Ke3 a2 63. Kd2 a1=Q 64.
Kc2 e3+ 65. Kb3 Qd4 66. h4 Bf7+ 67. Ka3 Qc3+ 68. Ka4 Be8# 0-1

[Event "Genesee County CC Championship"]
[Site "Flint, MI"]
[Date "2002.11.13"]
[Round "4.10"]
[White "Thach, Scott"]
[Black "Whatling, David"]
[Result "0-1"]
[WhiteElo "1204"]
[BlackElo "1341"]
[PlyCount "82"]
[EventDate "2002.10.23"]

1. e4 c5 2. Nf3 e6 3. d3 Be7 4. Be2 d6 5. O-O Nf6 6. h3 Nc6 7. Nbd2 O-O 8. Nb3
Qc7 9. Bd2 b6 10. Bf4 e5 11. Bg5 Be6 12. Bxf6 Bxf6 13. c3 Rad8 14. Nh2 d5 15.
exd5 Bxd5 16. Nd2 e4 17. c4 exd3 18. Bxd3 Bxg2 19. Kxg2 Rxd3 20. Qe2 Rfd8 21.
Ne4 Be5 22. Nf3 Qd7 23. Nxc5 bxc5 24. Nxe5 Nxe5 25. f3 Rd2 26. Qxd2 Qxd2+ 27.
Rf2 Qe3 28. f4 Nxc4 29. Rf3 Qe2+ 30. Rf2 Qe4+ 31. Kg1 Rd2 32. Rxd2 Nxd2 33. Rd1
Qe2 34. Rxd2 Qxd2 35. h4 Kf8 36. b3 Ke7 37. f5 Kf6 38. h5 Kxf5 39. a4 Kf4 40.
h6 Kg3 41. hxg7 Qe1# 0-1

[Event "Genesee County CC Championship"]
[Site "Flint, MI"]
[Date "2002.11.13"]
[Round "4.9"]
[White "Miller, Charlie"]
[Black "Saylor, Oliver"]
[Result "0-1"]
[WhiteElo "832"]
[BlackElo "1391"]
[PlyCount "62"]
[EventDate "2002.10.23"]

1. e4 e5 2. Nc3 Nf6 3. Nf3 Nc6 4. Bb5 a6 5. Bxc6 bxc6 6. Nxe5 d5 7. Nxc6 Qd7 8.
Ne5 Qe6 9. d4 Nxe4 10. Nxe4 dxe4 11. Qe2 Bb7 12. Qc4 Qxc4 13. Nxc4 Rd8 14. c3
Be7 15. O-O c5 16. Be3 cxd4 17. Bxd4 O-O 18. Na5 Ba8 19. b4 Bxb4 20. Bxg7 Bxa5
21. Bxf8 Kxf8 22. Rad1 Rxd1 23. Rxd1 Ke7 24. c4 Bb6 25. Rb1 Bc5 26. Rb8 Bc6 27.
Rh8 e3 28. Rxh7 e2 29. h3 e1=Q+ 30. Kh2 Bd6+ 31. g3 Qxf2# 0-1

[Event "Genesee County CC Championship"]
[Site "Flint, MI"]
[Date "2002.11.13"]
[Round "4.8"]
[White "Maul, Tim"]
[Black "Vinton, Troy"]
[Result "1-0"]
[WhiteElo "1635"]
[BlackElo "1103"]
[PlyCount "42"]
[EventDate "2002.10.23"]

1. d4 c6 2. c4 d5 3. Nc3 Nf6 4. Bf4 Bf5 5. Nf3 dxc4 6. a4 e6 7. e3 Bd3 8. Bxd3
cxd3 9. Qxd3 Nd5 10. Bg3 Bb4 11. O-O O-O 12. Ne4 h6 13. Bh4 Be7 14. Bxe7 Qxe7
15. Nc5 Nd7 16. Nxb7 Rab8 17. Na5 Rfc8 18. Rfc1 c5 19. Ne5 Nxe5 20. dxe5 Qc7
21. Nc4 Rd8 1-0

[Event "Genesee County CC Championship"]
[Site "Flint, MI"]
[Date "2002.11.13"]
[Round "4.2"]
[White "Hazzard, Bill"]
[Black "Vandivier, Don"]
[Result "1/2-1/2"]
[WhiteElo "1624"]
[BlackElo "1945"]
[PlyCount "72"]
[EventDate "2002.10.23"]

1. d4 d5 2. Nf3 Nf6 3. Bf4 e6 4. Nbd2 c5 5. c3 cxd4 6. Nxd4 Nc6 7. Nxc6 bxc6 8.
Qa4 Bd7 9. e4 Qb6 10. Qc2 dxe4 11. Nc4 Qc5 12. Rd1 Nd5 13. Qxe4 Nxf4 14. Qxf4
Be7 15. Nd6+ Bxd6 16. Qxd6 Qxd6 17. Rxd6 Ke7 18. Rd2 c5 19. Bc4 Bc6 20. O-O
Rhd8 21. Rfd1 Rxd2 22. Rxd2 Rd8 23. Rxd8 Kxd8 24. f3 Kc7 25. Kf2 Kd6 26. Ke3
Bd5 27. Kd3 a5 28. a3 g5 29. b4 cxb4 30. cxb4 axb4 31. axb4 Bb7 32. Ke3 f5 33.
g3 e5 34. f4 h6 35. Bd3 gxf4+ 36. gxf4 e4 1/2-1/2

[Event "Genesee County CC Championship"]
[Site "Flint, MI"]
[Date "2002.11.13"]
[Round "4.1"]
[White "Duncan, Jack"]
[Black "Skidmore, Mike"]
[Result "1-0"]
[WhiteElo "2048"]
[BlackElo "1857"]
[PlyCount "87"]
[EventDate "2002.10.23"]

1. e4 c6 2. d4 d5 3. exd5 cxd5 4. c4 Nf6 5. Nc3 g6 6. Bg5 Bg7 7. Nf3 dxc4 8.
Bxc4 O-O 9. Qd2 Qc7 10. Be2 a6 11. Rc1 Qd8 12. O-O Nbd7 13. Rfd1 Nb6 14. d5 Bg4
15. h3 Bxf3 16. Bxf3 Nc4 17. Qe2 b5 18. d6 exd6 19. Bxa8 Qxa8 20. b3 Re8 21.
Qf1 Ne5 22. Rxd6 Nh5 23. Qd1 f6 24. Be3 f5 25. Qd5+ Qxd5 26. Nxd5 Nd3 27. Ne7+
Rxe7 28. Rxd3 f4 29. Bd4 Bh6 30. Rcd1 Re2 31. R3d2 Re6 32. Rd3 Re2 33. a4 bxa4
34. bxa4 Re4 35. a5 Bf8 36. Bb6 Bb4 37. Rd4 Re1+ 38. Rxe1 Bxe1 39. Rd8+ Kg7 40.
Ra8 f3 41. gxf3 Nf4 42. Kh2 Nd3 43. Rxa6 Ne5 44. Bd4 1-0

[Event "Genesee County CC Championship"]
[Site "Flint, MI"]
[Date "2002.11.13"]
[Round "4.4"]
[White "Aldrich, Jeff"]
[Black "Poniatowski, Don"]
[Result "1-0"]
[WhiteElo "1921"]
[BlackElo "1165"]
[PlyCount "41"]
[EventDate "2002.10.23"]

1. d4 Nf6 2. c4 g6 3. Nc3 Bg7 4. e4 d6 5. f3 O-O 6. Be3 e5 7. d5 Re8 8. Qd2 a6
9. Be2 Nbd7 10. Nh3 c6 11. Nf2 cxd5 12. cxd5 Qa5 13. g4 Rf8 14. Bh6 Ne8 15. h4
Nc7 16. h5 Nb5 17. Bxb5 axb5 18. Bxg7 Kxg7 19. hxg6 fxg6 20. Qh6+ Kf7 21. Qxh7+
1-0

[Event "King's Island Open U1800"]
[Site "King's Island, OH"]
[Date "2002.11.15"]
[Round "1.51"]
[White "Gregory, Kevin"]
[Black "Clifford, Paul"]
[Result "1/2-1/2"]
[WhiteElo "1780"]
[BlackElo "1652"]
[PlyCount "68"]
[EventDate "2002.11.15"]

1. d4 d5 2. Nf3 c6 3. Bf4 Nd7 4. Nbd2 e6 5. e3 Be7 6. Bd3 Ngf6 7. h3 O-O 8. O-O
h6 9. Qe2 Nh5 10. Bh2 f5 11. Ne5 Qe8 12. Ndf3 Nhf6 13. c4 Nxe5 14. Nxe5 Nd7 15.
Rac1 Bd6 16. f4 Nf6 17. a3 Bxe5 18. fxe5 Ne4 19. cxd5 cxd5 20. Bxe4 fxe4 21.
Rxf8+ Kxf8 22. Rc7 Qg6 23. Qc2 Qe8 24. Qf2+ Kg8 25. Qh4 b6 26. Qg4 Bd7 27. Bf4
Kf8 28. Qh4 Kg8 29. Qg3 Kf8 30. Qf2 Kg8 31. Qc2 Rc8 32. b4 Qd8 33. Rxc8 Qxc8
34. Qxc8+ Bxc8 1/2-1/2

[Event "King's Island Open U1800"]
[Site "King's Island, OH"]
[Date "2002.11.16"]
[Round "2.59"]
[White "Livschitz, Louiza"]
[Black "Gregory, Kevin"]
[Result "1-0"]
[WhiteElo "1657"]
[BlackElo "1780"]
[PlyCount "105"]
[EventDate "2002.11.15"]

1. e4 c5 2. Nf3 d6 3. d4 cxd4 4. Nxd4 Nf6 5. Nc3 g6 6. Be3 Bg7 7. f3 O-O 8. Qd2
Bd7 9. O-O-O Nc6 10. Bc4 Ne5 11. Bb3 Qa5 12. Kb1 Rfc8 13. g4 Nc4 14. Bxc4 Rxc4
15. h4 Rac8 16. Nb3 Qa6 17. e5 Nxg4 18. fxg4 Bxg4 19. Rdg1 Bxe5 20. Bd4 Bxd4
21. Nxd4 h5 22. Nd5 Re8 23. Re1 Kg7 24. Nxe7 Rf8 25. Qd3 Ra4 26. Qc3 Kh7 27. a3
Qb6 28. Nb3 Be6 29. Qd3 Bc4 30. Qf3 Bxb3 31. cxb3 Rg4 32. Nd5 Qd4 33. Nf6+ Kg7
34. Nxg4 hxg4 35. Qc3 Qxc3 36. bxc3 f5 37. Re7+ Rf7 38. Rxf7+ Kxf7 39. Re1 Kf6
40. Kc2 f4 41. Re8 g3 42. Kd3 g2 43. Re1 Kf5 44. Rg1 f3 45. Ke3 Kg4 46. Kf2 Kf4
47. Rd1 Ke4 48. Rxd6 Kf5 49. Rd3 Kg4 50. c4 a5 51. b4 Kh3 52. Rxf3+ Kh2 53. Rg3
1-0

[Event "King's Island Open U1800"]
[Site "King's Island, OH"]
[Date "2002.11.16"]
[Round "3.86"]
[White "Gregory, Kevin"]
[Black "Weinburg, Ben"]
[Result "1/2-1/2"]
[WhiteElo "1780"]
[BlackElo "1651"]
[PlyCount "67"]
[EventDate "2002.11.15"]

1. d4 Nc6 2. Nf3 d5 3. Bf4 Nf6 4. e3 e6 5. Bd3 Bd6 6. c3 Bd7 7. Nbd2 Rb8 8. Qe2
a6 9. a4 Nh5 10. Ne5 Nxf4 11. exf4 Bxe5 12. fxe5 Ne7 13. Qg4 Ng6 14. h4 f5 15.
exf6 Qxf6 16. Bxg6+ hxg6 17. Qg3 Rc8 18. Nf3 Ke7 19. Ne5 g5 20. Ke2 Rxh4 21.
Rxh4 gxh4 22. Qxh4 Qxh4 23. Ng6+ Kd6 24. Nxh4 c5 25. Kd2 cxd4 26. cxd4 Rc4 27.
Nf3 Rxa4 28. Rxa4 Bxa4 29. Kc3 Bd1 30. Ne5 a5 31. Kd2 Bh5 32. Kc3 b5 33. g4 Be8
34. g5 1/2-1/2

[Event "King's Island Open"]
[Site "King's Island, OH"]
[Date "2002.11.16"]
[Round "3"]
[White "Finegold, Ben"]
[Black "Kalantarian, Norik"]
[Result "1-0"]
[WhiteElo "2643"]
[BlackElo "2477"]
[Annotator "Ben Finegold"]
[PlyCount "65"]
[EventDate "2002.11.15"]

{Grunfeld: Classical} 1. d4 Nf6 2. c4 g6 3. Nc3 d5 4. e3 Bg7 5. Qb3 {One of my
pet lines against the Grunfeld.} (5. Qb3 {The books recommend either} c6) (5.
Qb3 {or} e6 {but Norik goes his own way.}) (5. Qb3 {I have faced} dxc4 {before,
but that helps White develop and gives away much of the center, so theory
frowns upon such a choice. This is one of the reasons I play 4.e3 and 5. Qb3...
.I find over 90% of my opponents have never faced it before.}) 5... dxc4 6.
Bxc4 O-O 7. Nf3 Nbd7 $2 8. Ng5 {This simple "beginner's" trick virtually wins
by force. Norik had seen it but thought he would get a massive attack (which
he does due to my sloppy play). I was pretty sure during the game that I
should be winning. If I were playing a "mere" 2200 or so, I would be even more
confident....but my opponent's previous round win over Novikov (2700+!) led me
to believe he was no pushover!} e6 ({Forced!} 8... Qe8 {loses to} 9. Nb5 $1 {
This would have been a very nice gift against such a difficult opponent.}) ({
But Norik played} 8... e6 {quite quickly, so I had only a few seconds to dream
of quick victory before reality set in!}) 9. Bxe6 fxe6 10. Nxe6 Qe7 11. Nxc7+
Kh8 12. Nxa8 Ng4 {We both saw this position after 7...Nbd7 and I assumed I
should win, whereas Norik felt confident of his attack after his blistering
win the previous round against Novikov. Here I go wrong.} (12... Ng4 {As FM
Fred Lindsay pointed out a couple of days later, White should play} 13. Qc4 $1
{This stops the Rf8 from moving, and} Nxf2 {is not dangerous due to} 14. O-O $1
{Instead I force his queen to h4, where it wants to go! arrgh...}) (12... Ng4 {
It is strange but} 13. Nd5 {was the only move I looked at, so I analyzed it
long enough to make myself believe it was best! I thought I would certainly be
winning if he HAD to sacrifice more material, OR if he would let my poor Na8
loose!}) 13. Nd5 $6 Qh4 14. g3 Qh3 15. Nf4 Rxf4 $1 {Forced, but strong! It's
funny, but I knew this was best during the game, but was still surprised! Most
players 2450+ do not sacrifice with such reckless abandon, so it is a bit
scary when your opponent does just that!} 16. gxf4 Qg2 {Ah! Now I s aw Bg4!
arrgh..... When I played 13.Nd5 I saw this position coming, and assumed he
would move the Nd7 somewhere and play Bh3 at some point. Only now did I see
the Bg4 idea with a raging attack on my poor king. Now I went into the tank,
and thought 45 minutes, and decided I had to withstand the attack and play for
glory!} 17. Rf1 Nxh2 18. Qc4 Nb6 ({Another surprise! I expected} 18... Nc5 {as
this opens up more lines for Black and leaves the poor White knight at a8. I
was happy to see this though, so at least this was a pleasant surprise!}) 19.
Nxb6 Bg4 (19... Bg4 20. -- {Luckily, when he played 16...Qg2 I saw this coming
and figured out how best to meet the shocking} Nf3+ {with a big discovered
check coming!}) 20. f3 {Forced} Nxf3+ 21. Rxf3 Qxf3 22. Kd2 {!!?? White can
draw many ways, by allowing the perpetual with Qd1+ an Qf3+...but I wanted to
win (or lose!). My opponent, like Claude Rains in "Casablanca" was 'shocked'
at my winning attempt! Gambling in a chess game! But I thought the position
was totally unclear and I needed to beat my lower rated opponent, especially
with White!} axb6 23. Kc3 h5 $1 {The h-pawn is very strong, and now I was
getting worried. But I hunker down and try to get my queen-side finally
developed!} 24. Bd2 Bf5 {An excellent move which prepares to either play Be4
and control all the white squares (including the queening square h1(!), as
well as attacking dreams with Qe4 and Qc2. I began to worry even moreso!} 25.
Kb3 Kh7 {Another surprise! Every move I expected h4, h3, h2 and h1=Q and spent
all my time trying to figure out how to stop the little bugger! But my
opponent was only thinking of mate! He thought getting the king off the back
row and off the a1-h8 diagonal, where my bishop will soon live was a good idea.
And he is right! Still, 25...Kh7 is slow and gives me more time.} 26. Bc3 Qe4
$5 ({Black should have an advantage after the simple} 26... Be4 $1 {My
opponent was playng for a trap in my time trouble, but his trick backfires!})
27. d5 $5 Qc2+ 28. Ka3 Bf8+ $4 {DIAGRAM} (28... Bf8+ {Losing by force! Norik
thought he would win after} 29. b4 Bg7 {...But I had a nasty surprise in store.
}) ({The following day, Norik pointed out he is still close to winning after} 
28... b5 $1 {A move we both missed.}) ({I ONLY considered} 28... Bf8+ {in our
mutual time trouble, and had spotted the winning idea which I assumed he
missed! I was confused when he played 26...Qe4? I thought to myself 'Why is
letting my play d5 with temo?? Ah! He wants to play Qc2+, Ka3, Bf8+, b4, Bg7!
winning.... arrgh...oh wait..I can play...'}) 29. d6 $3 {Yes! Now I thought I
was OK, but the more I looked, and the closer he got to 0 seconds, the more I
realized that he is now totally lost and in a mating net! I was very happy
now! My opponent had a look of disgust.} Bxd6+ 30. b4 {Black is now in a
mating net. By eliminating my d-pawn, my pieces have come to life.} Kh6 31. Qd4
Bxb4+ (31... Bxb4+ {Now I had a funny thought. I figured if I played} 32. Kxb4
{he would play} Qe4 {and play the ending down a rook. But I deserve more! I
played for mate!}) 32. Qxb4 h4 33. Rg1 {Stopping the king from escaping via h5
and g4. My opponent resigned. The most complicated game I have played all year.
Kalantarian finished well though, winning his next game and holding GM
Alexander Shabalov to a draw in the last round. He should break 2500 USCF
after this performance. I drew GMs Stripunsky and D. Gurevich in the final two
rounds ending up =2nd and $500+ richer :)} 1-0

[Event "Michigan Women's"]
[Site "Warren, MI"]
[Date "2002.11.17"]
[Round "1.2"]
[White "Williams, Martasia"]
[Black "Tabak, Alla"]
[Result "0-1"]
[WhiteElo "100"]
[BlackElo "1950"]
[PlyCount "50"]
[EventDate "2002.11.17"]

1. Nf3 Nf6 2. Nc3 g6 3. e4 d5 4. exd5 Nxd5 5. Nxd5 Qxd5 6. Bd3 Bg7 7. O-O O-O
8. c4 Qxd3 9. Re1 Nc6 10. b3 Bxa1 11. Re2 Bg4 12. h3 Bxf3 13. gxf3 Qxf3 14. h4
Qg4+ 15. Kf1 Nd4 16. Re1 Qh3+ 17. Kg1 Nf3+ 18. Qxf3 Qxf3 19. Ba3 Bd4 20. c5
Qxf2+ 21. Kh1 Qxe1+ 22. Kh2 Qxh4+ 23. Kg2 Qg4+ 24. Kf1 Qg3 25. b4 Qf2# 0-1